| 000 | 00627nam a22002177a 4500 | ||
|---|---|---|---|
| 999 |
_c6066 _d6066 |
||
| 003 | AR-CdUCM | ||
| 008 | 190313b ||||| |||| 00| 0 spa d | ||
| 040 |
_aMUNICIPALIDAD PROVINCIAL DEL CUSCO _cBIBLIOTECA MUNICIPAL DEL CUSCO |
||
| 082 |
_a869.508 / _bG24 |
||
| 100 |
_aGarrido Malaver, Julio _92596 |
||
| 245 | _aLa guacha / | ||
| 260 |
_aLima : _bLibr. Edit. Juan Mejía Baca, _c1958 |
||
| 300 |
_a90 paginas ; _c18 cm. |
||
| 500 | _aDonación de la familia Nieto | ||
| 505 | _aNovela | ||
| 650 |
_aNovelas peruanas _9545 |
||
| 650 |
_aSiglo XX _98 |
||
| 650 |
_aLiteratura _983 |
||
| 942 |
_2ddc _cLIBROS |
||
| 945 | _awnts | ||